000 00620nam a22001697a 4500
082 _a005
100 _aRehman, Muneeb ur ; Sargana, Jamal Hassan ; Ahmed, Talal
245 _aCall Center Quality Control Using Speech Recognition /
_cMuneeb ur Rehman ; Jamal Hassan Sargana ; Talal Ahmed
260 _aIslamabad :
_bSEECS - NUST,
_c2018.
300 _a39 p. ;
_c30cm.
563 _aa
650 _aComputer Science-Project Report
700 _aDr. Muhammad Ali Tahir
856 _uhttp://10.250.8.41:8080/xmlui/handle/123456789/20727
942 _2ddc
_cTHE
999 _c536238
_d536238